000
00481nam a2200181Ia 4500
008
100917s9999 xx 000 0 und d
082
_b
16431
100
_a
केळकर कृ. बा.
245
_a
सं. चंद्रसेना
260
_b
---
_c
1901
300
_a
112
365
_b
0.5
520
_a
नाटक
630
_a
सं. चंद्रसेना
650
_a
नाटक
730
_a
सं. चंद्रसेना
942
_c
BOOK
999
_c
621825
_d
621822